Word Ladder: Drove My Chevy To The Levee Quiz Stats

 Plays Quiz Updated Jun 13, 2019

Score 0/32 Timer 05:00
8 Plays Today
Clue 4 Letter Word % Correct
♫ A long long ___ ago ♫TIME
99.7%
♫ The day the music ___DIED
97.4%
♫ Something touched me ___ inside ♫DEEP
96.6%
Opposite of winLOSE
96.4%
Schindler's ___, 1993 Liam Neeson filmLIST
96.3%
A regimen designed to lose weightDIET
96%
♫ Bye, bye ___ American Pie ♫MISS
95.8%
♫ Did you write the book of ___? ♫LOVE
95.3%
Thin fogMIST
95.2%
Substance that makes a surface uncleanDIRT
95%
Proof of ownershipDEED
95%
♫ Can music save your mortal ___? ♫SOUL
94.2%
Small burrowing mammalMOLE
93.2%
Visually noticesSEES
93%
Change positionMOVE
93%
American TV drama with Evangeline LillyLOST
93%
Clue 4 Letter Word % Correct
Run out of energyTIRE
92.9%
Flow or leak slowlySEEP
92.8%
Adopts a position on a chair e.g.SITS
92.2%
A chef's profession revolves around itFOOD
91.6%
Serious or urgentDIRE
91.6%
You win those before matches in tennisSETS
91.3%
Extremely unwise individualFOOL
91.1%
Hollow object for shaping molten metalsMOLD
89.5%
Either disgusting or unpleasantFOUL
89.5%
Temporary state of mindMOOD
88.6%
Draw in via a strawSUCK
86.9%
Piece of footwearSOCK
86.2%
American rock band led by Paul StanleyKISS
85.3%
♫ I was a lonely teenage broncin' ___BUCK
82.3%
Northern African marketplace or bazaarSOUK
81.8%
Footballers wear theseKITS
81.6%

Today's Daily Dose

Missing Word
Sherlocks

Word Ladder
King of the Hill

Quick Pick
Songs in Pink

Get the Picture
NBA Teammates

You're not logged in!

Compare scores with friends on all Sporcle quizzes.
OR
Log In

Sporcle TV

Today on Sporcle TV


Watch our educational content, quiz creation guides, and fun videos on Sporcle TV.

Show Comments

Extras

Top Quizzes Today


Score Distribution

Your Account Isn't Verified!

In order to create a playlist on Sporcle, you need to verify the email address you used during registration. Go to your Sporcle Settings to finish the process.

Report this User

Report this user for behavior that violates our Community Guidelines.

Details: